| 000 | 00488nam a22001697a 4500 | ||
|---|---|---|---|
| 003 | OSt | ||
| 005 | 20251023043055.0 | ||
| 008 | 251023b |||||||| |||| 00| 0 eng d | ||
| 020 | _a978-93-81753-45-3 | ||
| 040 |
_aDWCL - Main Lib _cOC |
||
| 082 | _aFic. C548s | ||
| 100 | _aDickens, Charles | ||
| 245 |
_aShort Stories / _cCharles Dickens |
||
| 260 |
_aNew Delhi , India : _bMaanu Graphics, _c(n.d). |
||
| 300 |
_a208 pages : _billustrations ; _c22cm. |
||
| 942 |
_2ddc _cFIC. _mFic. _n0 |
||
| 999 |
_c5049 _d5049 |
||